000 04902cam a22008534i 4500
003 PE-LiUPU
005 20250731170446.0
008 150706s2007 mx a rb 000 0 spa d
020 _a9707292864
020 _a9789707292864
035 _a(Sirsi) i9789707292864
040 _aPE-LiUPU
_bspa
_cPE-LiUPU
_dPE-LiUPU
_erda
049 _aPRUA
082 0 4 _a155.41393
_bE91 2007
082 0 4 _a155.41393
_bE91
_221
100 1 _aEsquivel y Ancona, Fayne,
_eautor.
245 1 0 _aPsicodiagnóstico clínico del niño /
_cFayne Esquivel y Ancona, María Cristina Heredia Ancona, Emilia Lucio Gómez Maqueo.
250 _a3a. edición.
264 1 _aMéxico :
_bEditorial El Manual Moderno,
_c2007.
300 _a373 páginas :
_bilustraciones ;
_c23 centímetros
336 _atext
_2rdacontent
337 _aunmediated
_2rdamedia
338 _avolume
_2rdacarrier
504 _aBibliografía al final de cada capítulo.
505 0 _aAspectos generales de la evaluación del niño -- Escalas Weschler de inteligencia para niños y preescolares -- Evaluación de la percepción psicomotora -- Desarrollo emocional del niño -- Pruebas de Apercepción temática para niños CAT(A), CAT(H), CAT(S) -- Prueba del dibujo de la figura humana (DFH) -- Prueba del dibujo de la familia -- Integración del informe psicológico -- Epílogo.
526 _aSEG68
526 _aSEG70
526 _aSEG69
526 _aSEG67
526 _aSEG43
526 _aP144
526 _aP143
526 _aP131
526 _aP122
526 _aP120
526 _aP117
526 _aP112
526 _aP110
526 _aP106
526 _aP101
526 _aP80
526 _aP59
526 _aP54
526 _aP35
526 _aP33
526 _aP30
541 _g001-0030486;
650 0 4 _aNiños
_xDesarrollo
_vPruebas.
650 0 4 _aNiños
_xPsicología.
_91899
650 0 4 _aPruebas psicológicas para niños.
650 0 4 _aPsicodiagnóstico
_xMetodología.
700 1 _aHeredia Ancona, Cristina,
_eautor.
700 1 _aLucio Gómez Maqueo, Emilia,
_eautor.
910 _agl
_bjv
_clch
_d20090929
910 _btqv
_cwelc
_d20160916
942 _2ddc
_cBOOK
949 _a155.41393 E91 2007
_wDEWEY
_c1
_iFJ02106
_lCCODEBUJ1
_mBUJ
_p35.00
_r0
_sY
_tBOOK
_u2015-10-14
_xSALUD
_PP33
_0COMPRA
_o.STAFF. Colección General Juliaca
949 _a155.41393 E91 2007
_wDEWEY
_c2
_iFJ02107
_lCCODEBUJ1
_mBUJ
_p35.00
_r0
_sY
_tBOOK
_u2015-10-14
_xSALUD
_PP33
_0COMPRA
_o.STAFF. Colección General Juliaca
949 _a155.41393 E91 2007
_wDEWEY
_c3
_iFJ02108
_lCCODEBUJ1
_mBUJ
_p35.00
_r0
_sY
_tBOOK
_u2015-12-15
_xSALUD
_PP33
_0COMPRA
_o.STAFF. Colección General Juliaca
949 _a155.41393 E91 2007
_wDEWEY
_c4
_iFJ02109
_lCCODEBUJ1
_mBUJ
_p35.00
_r0
_sY
_tBOOK
_u2015-12-15
_xSALUD
_PP33
_0COMPRA
_o.STAFF. Colección General Juliaca
949 _a155.41393 E91 2007
_wDEWEY
_c5
_iFJ02110
_lCCODEBUJ1
_mBUJ
_p35.00
_r0
_sY
_tBOOK
_u2015-12-15
_xSALUD
_PP33
_0COMPRA
_o.STAFF. Colección General Juliaca
949 _a155.41393 E91 2007
_wDEWEY
_c6
_iFJ02111
_lCCODEBUJ1
_mBUJ
_p35.00
_r0
_sY
_tBOOK
_u2015-12-15
_xSALUD
_PP33
_0COMPRA
_o.STAFF. Colección General Juliaca
949 _a155.41393 E91
_wDEWEY
_c1
_i60406
_d2016-9-7
_e2016-9-4
_lCCODEBUL1
_mBUL
_n9
_p35.00
_r0
_sY
_tBOOK
_u2015-7-6
_xSALUD
_PP33
_0COMPRA
_o.STAFF. Colección Ciencias de la Salud
994 _aC0
_bPEPRU
596 _a1 3
999 _a155.41393 E91
_wDEWEY
_c49860
_i60406
_d49860
_e2018-11-13
_f2021-11-3
_g5
_lCCODEBUL1
_mBUL
_n12
_p35.00
_q3
_r0
_sY
_tBOOK
_u2015-7-6
_xSALUD
_zP33
_0COMPRA
_o.STAFF. Colección Ciencias de la Salud
999 _a155.41393 E91 2007
_wDEWEY
_c1
_iFJ02106
_d2019-6-14
_e2018-5-11
_f2022-1-17
_g4
_lCCODEBUJ1
_mBUJ
_n2
_p35.00
_q6
_r0
_sY
_tBOOK
_u2015-10-14
_xSALUD
_PP33
_0COMPRA
_o.STAFF. Colección General Juliaca
999 _a155.41393 E91 2007
_wDEWEY
_c2
_iFJ02107
_d2018-9-5
_f2022-1-17
_g4
_lCCODEBUJ1
_mBUJ
_p35.00
_q2
_r0
_sY
_tBOOK
_u2015-10-14
_xSALUD
_PP33
_0COMPRA
_o.STAFF. Colección General Juliaca
999 _a155.41393 E91 2007
_wDEWEY
_c3
_iFJ02108
_d2018-11-5
_e2018-10-30
_f2022-1-17
_g4
_lCCODEBUJ1
_mBUJ
_n1
_p35.00
_r0
_sY
_tBOOK
_u2015-12-15
_xSALUD
_PP33
_0COMPRA
_o.STAFF. Colección General Juliaca
999 _a155.41393 E91 2007
_wDEWEY
_c4
_iFJ02109
_f2022-1-17
_g4
_lCCODEBUJ1
_mBUJ
_p35.00
_r0
_sY
_tBOOK
_u2015-12-15
_xSALUD
_PP33
_0COMPRA
_o.STAFF. Colección General Juliaca
999 _a155.41393 E91 2007
_wDEWEY
_c5
_iFJ02110
_d2019-4-8
_e2019-4-3
_f2022-1-17
_g4
_lCCODEBUJ1
_mBUJ
_n1
_p35.00
_q3
_r0
_sY
_tBOOK
_u2015-12-15
_xSALUD
_PP33
_0COMPRA
_o.STAFF. Colección General Juliaca
999 _a155.41393 E91 2007
_wDEWEY
_c6
_iFJ02111
_d2019-10-9
_e2019-10-4
_f2022-1-17
_g4
_lCCODEBUJ1
_mBUJ
_n4
_p35.00
_q10
_r0
_sY
_tBOOK
_u2015-12-15
_xSALUD
_PP33
_0COMPRA
_o.STAFF. Colección General Juliaca
980 _81
_gALBERTO SANCHEZ Responsable de Automatización